000 00978nam a2200289 a 4500
001 000024232
003 DO-SdBNP
005 20260204090833.0
008 110125s1984 dr 000 0 spa d
040 _aDO-SdBNP
_bspa
_cBNPHU
082 4 _a177.1
_bM296p
_222
100 1 _aMañón, Adria de
_949759
245 1 0 _aPuedo convivir con los demas /
_cAdria de Mañón ; próloguistas Licelott Marte de Barrios, Anais G. de Morales.
260 _aSanto Domingo :
_bCorripio,
_c1984.
300 _a91 p. ;
_c24 cm.
590 _aInventariado, 2018/MFF
650 0 _aCortesía
_9401
650 0 _aConducta de vida
_911947
650 0 _aEtiqueta
_9402
650 7 _aFormulas de tratamiento
_9403
650 0 _aHospitalidad
_9404
651 4 _aRepública Dominicana
_xVida Social Y Costumbres
_9405
700 1 _aMarte de Barrios, Licelott,
_epról.
_949760
700 1 _aMorales, Anais G. de,
_epról.
_949761
910 _aValidado. Control de calidad EMS
942 _2ddc
_cLBS1
999 _c23726
_d23726